LEADER 02756nam 2200565 a 450 001 9910449737103321 005 20200520144314.0 010 $a1-280-44025-2 010 $a0-19-802197-6 010 $a1-60129-686-X 035 $a(CKB)1000000000028536 035 $a(EBL)271285 035 $a(OCoLC)191038061 035 $a(SSID)ssj0000135582 035 $a(PQKBManifestationID)11135142 035 $a(PQKBTitleCode)TC0000135582 035 $a(PQKBWorkID)10063201 035 $a(PQKB)10014160 035 $a(MiAaPQ)EBC271285 035 $a(Au-PeEL)EBL271285 035 $a(CaPaEBR)ebr10084749 035 $a(CaONFJC)MIL44025 035 $a(EXLCZ)991000000000028536 100 $a20020911d2003 uy 0 101 0 $aeng 135 $aur|n|---||||| 181 $ctxt 182 $cc 183 $acr 200 10$aDeath of a generation$b[electronic resource] $ehow the assassinations of Diem and JFK prolonged the Vietnam War /$fHoward Jones 210 $aOxford ;$aNew York $cOxford University Press$d2003 215 $a1 online resource (593 p.) 300 $aDescription based upon print version of record. 311 $a0-19-505286-2 320 $aIncludes bibliographical references (p. [457]-546) and index. 327 $aContents; Acknowledgments; List of Abbreviations; Introduction: Toward a Tragedy; 1 Counterinsurgency in South Vietnam: Averting a Quagmire; 2 Democracy at Bay: Diem as Mandarin; 3 Counteraction to Counterinsurgency: The Military Solution; 4 Waging a Secret War; 5 Subterfuge in the Delta; 6 The Strange Seduction of Vietnam; 7 A Decent Veil of Hypocrisy; 8 De-Americanizing the Secret War; 9 From Escalation to Disengagement; 10 End of the Tunnel? A Comprehensive Plan for South Vietnam; 11 Mandate from Heaven? The Buddhist Crisis and the Demise of De-escalation; 12 The Fire This Time 327 $a13 The Road to a Coup14 At the Brink of a Coup-Again; 15 Toward a Partial Withdrawal; 16 President Kennedy's Decision to Withdraw; 17 Fall of the House of Ngo; Conclusion: The Tragedy of JFK; Notes; Bibliography; Index 330 $aThe assassination of John F. Kennedy led to the ""death of a generation"". The president had planned to withdraw all special forces by the end of 1965. But White House involvement in the Coup undercut the withdrawal effort and ultimately led to the war that Kennedy had sought to prevent. 606 $aVietnam War, 1961-1975 608 $aElectronic books. 615 0$aVietnam War, 1961-1975. 676 $a959.704/3 700 $aJones$b Howard$f1940-$0886857 801 0$bMiAaPQ 801 1$bMiAaPQ 801 2$bMiAaPQ 906 $aBOOK 912 $a9910449737103321 996 $aDeath of a generation$92145169 997 $aUNINA LEADER 04451nam 22007092 450 001 9910459466203321 005 20151005020622.0 010 $a1-107-21258-8 010 $a0-511-85188-X 010 $a1-282-96635-9 010 $a9786612966354 010 $a0-511-91769-4 010 $a0-511-91671-X 010 $a0-511-91490-3 010 $a0-511-91867-4 010 $a0-511-76027-2 010 $a0-511-91310-9 035 $a(CKB)2670000000059808 035 $a(EBL)585356 035 $a(OCoLC)694342043 035 $a(SSID)ssj0000457696 035 $a(PQKBManifestationID)11305802 035 $a(PQKBTitleCode)TC0000457696 035 $a(PQKBWorkID)10433653 035 $a(PQKB)11431800 035 $a(UkCbUP)CR9780511760273 035 $a(MiAaPQ)EBC585356 035 $a(Au-PeEL)EBL585356 035 $a(CaPaEBR)ebr10433585 035 $a(CaONFJC)MIL296635 035 $a(EXLCZ)992670000000059808 100 $a20100506d2010|||| uy| 0 101 0 $aeng 135 $aur||||||||||| 181 $ctxt$2rdacontent 182 $cc$2rdamedia 183 $acr$2rdacarrier 200 00$aDiagnostic techniques in hematological malignancies /$feditor, Wendy N. Erber$b[electronic resource] 210 1$aCambridge :$cCambridge University Press,$d2010. 215 $a1 online resource (xii, 336 pages) $cdigital, PDF file(s) 225 0 $aCambridge medicine Diagnostic techniques in hematological malignancies 300 $aTitle from publisher's bibliographic system (viewed on 05 Oct 2015). 311 $a0-521-11121-8 320 $aIncludes bibliographical references and index. 327 $aDiagnostic Techniques -- Morphology / Wendy N. Erber -- Immunocytochemistry / Wendy N. Erber -- Flow cytometry / Maryalice Stetler-Stevenson and Constance M. Yuan -- Cytogenetics / Christine J. Harrison and Claire Schwab -- Molecular genetics / Ken Mills -- Hematological Malignancies -- Integrated approach to the diagnosis of hematological malignancies / Mike A. Scott and Wendy N. Erber -- Acute lymphoblastic leukemia / Elaine Coustan-Smith and Dario Campana -- Acute myeloid leukemia / David Grimwade -- Mature B-cell leukemias / Constantine S. Tam and Michael J. Keating -- Mature T-cell and natural killer-cell leukemias / Kaaren K. Reichard and Kathryn Foucar -- Lymphoma / Jennifer Herrick and Ahmet Dogan -- Plasma cell neoplasms / Rafael Fonseca and Riccardo Valdez -- Chronic myeloid leukemia / Emma J. Gudgin and Brian Huntly -- Myeloproliferative neoplasms / Philip A. Beer and Anthony R. Green -- Myelodysplastic syndromes and myelodysplastic/myeloproliferative neoplasms / Raphael Itzykson, Herve Roudot and Pierre Fenaux. 330 $aThe diagnosis and monitoring of hematological malignancies is complex and requires a systematic approach. Morphology, cell phenotyping, cytogenetics and molecular genetics are essential, and the results must be integrated. Diagnostic Techniques in Hematological Malignancies details the principles and applications of each of these test types in the diagnosis of hematological malignancies in blood and bone marrow. The first section describes the test modalities - including methodological principles, data interpretation and limitations - and is illustrated by clinical examples. The second section focuses on the clinical entities, detailing the most appropriate tests for diagnosis, staging and monitoring of different hematological malignancies and includes test utilization to identify prognostic markers and potential therapeutic targets. With contributions from multiple international experts, this illustrated book is an essential resource for qualified and trainee hematologists, oncologists, and pathologists. It's a practical and useful guide, providing a rational and structured approach to the laboratory assessment of hematological malignancies. 606 $aMyeloproliferative disorders$xDiagnosis 606 $aLeukemia$xDiagnosis 606 $aBlood$xDiseases$xDiagnosis 606 $aBlood$xAnalysis 615 0$aMyeloproliferative disorders$xDiagnosis. 615 0$aLeukemia$xDiagnosis. 615 0$aBlood$xDiseases$xDiagnosis. 615 0$aBlood$xAnalysis. 676 $a616.99/419 702 $aErber$b Wendy N.$f1957- 801 0$bUkCbUP 801 1$bUkCbUP 906 $aBOOK 912 $a9910459466203321 996 $aDiagnostic techniques in hematological malignancies$92458894 997 $aUNINA